Animal Crossing - les Villageois Singes [avec image] - Statistiques

Statistiques générales
  • Ce quiz a été pris 11 fois
  • Le résultat moyen est 6 sur 10
Statistiques - réponses
Par images Réponse % Correct
Luna
80%
Mireille
80%
Lili
60%
Lourant
60%
Magogo
60%
Rudy
60%
Simon
60%
Élise
50%
Tiansheng
50%
Thibaut
30%
Aucun quiz correspondant
Distribution des résultats
% des personnes avec chaque résultat
Percentile par nombre de réponses
Votre historique - résultats
Vous n’avez pas pris ce quiz